000 00436cam a2200169ua 4500
003 OSt
008 241101b |||||||| |||| 00| 0 eng d
041 _aeng
082 _a621.47
_bPRE/MA
100 _aPrem, S Satsangi .
_96378
245 _aManagement of rural energy systems /
250 _a1 /
260 _aNewdelhi :
_bGalgolia book house ,
_c1983.
300 _a364 ; .
700 1 _aVinayshill, Gautam .
_96379
942 _cBK
999 _c9118
_d9118